Explorative Sozialforschung: einführende Beiträge aus "Natural Sociology" und Feldforschung in den USA

Guardado en:  
Detalles Bibliográficos
Otros Autores: Gerdes, Klaus 1940- (Editor)
Tipo de documento: Print Libro
Lenguaje:Alemán
Publicado: Stuttgart Enke 1979
En:Año: 1979
Disponibilidad en Tübingen:Disponible en Tübingen.
IFK: O II 190
Verificar disponibilidad: HBZ Gateway
Servicio de pedido Subito: Pedir ahora.
Palabras clave:

MARC

LEADER 00000cam a2200000 c 4500
001 023654902
003 DE-627
005 20260206192854.0
007 tu
008 710101s1979 gw ||||| 00| ||ger c
015 |a 79,N35,0081  |2 dnb 
015 |a 79,A48,0159  |2 dnb 
016 7 |a 790809095  |2 DE-101 
020 |a 3432905416  |9 3-432-90541-6 
035 |a (DE-627)023654902 
035 |a (DE-603)01807815X 
035 |a (DE-576)007162898 
035 |a (DE-599)GBV023654902 
035 |a (OCoLC)6146079 
035 |a (OCoLC)263176394 
035 |a (DE-604)8022591168 
040 |a DE-627  |b ger  |c DE-627  |e rakwb 
041 |a ger 
044 |c XA-DE 
050 0 |a HM48 
082 0 |a 301/.07/2  |q OCLC 
082 0 |a 301.072 
084 |a S 72  |2 sfb 
084 |a S 35  |2 sfb 
084 |a 05b  |2 sdnb 
084 |a MR 2000  |2 rvk  |0 (DE-625)rvk/123487: 
084 |a MR 2400  |2 rvk  |0 (DE-625)rvk/123491: 
084 |a ZX 7039  |2 rvk  |0 (DE-625)rvk/158440:14256 
084 |a 70.03  |2 bkl 
245 0 0 |a Explorative Sozialforschung  |b einführende Beiträge aus "Natural Sociology" und Feldforschung in den USA  |c hrsg. von Klaus Gerdes 
264 1 |a Stuttgart  |b Enke  |c 1979 
300 |a 183 S. 
336 |a Text  |b txt  |2 rdacontent 
337 |a ohne Hilfsmittel zu benutzen  |b n  |2 rdamedia 
338 |a Band  |b nc  |2 rdacarrier 
490 0 |a Enke Sozialwissenschaften 
500 |a "Etwas abseits vom Hauptstrom der empirischen Sozialforschung haben sich in den USA seit einigen Jahren soziologische Forschungszweige entwickelt (bzw. sind wieder aktuell geworden), die unter Namen wie "Natural Sociology", "Field Research" und "Participant Observation" auftreten; wir fassen sie hier unter der Bezeichnung "Explorative Sozialforschung" zusammen". (Aus der Einführung). - Dieser Sammelband bringt in deutscher Übersetzung eine Auswahl neuerer und "klassischer" Beiträge, die nach den wichtigsten Stadien des Prozesses explorativer Forschung systematisiert sind. (Covertext) 
505 8 |a Literaturangaben 
505 8 |a Literaturangaben 
583 1 |a Massenentsäuert  |c 2010  |k DE-18  |2 pdager  |5 DE-18-64 
583 1 |a Archivierung/Langzeitarchivierung gewährleistet  |f PEBW  |x XA-DE-BW  |2 pdager  |5 DE-24 
650 0 |a Social science research  |x Addresses and lectures  |2 DE-289 
650 0 |a Sociology  |x Research 
650 0 |a Sociology  |x Methodology 
650 0 |a Social Sciences  |x Fieldwork 
650 0 |a Social surveys 
650 0 7 |0 (DE-588)4014606-6  |0 (DE-627)106339389  |0 (DE-576)208908633  |a Empirische Sozialforschung  |2 gnd 
650 4 |a Soziologie 
650 4 |a Feldforschung 
689 0 0 |d s  |0 (DE-588)4014606-6  |0 (DE-627)106339389  |0 (DE-576)208908633  |a Empirische Sozialforschung  |2 gnd 
689 0 |5 (DE-627) 
700 1 |a Gerdes, Klaus  |d 1940-  |e Hrsg.  |0 (DE-588)114539485X  |0 (DE-627)1006531343  |0 (DE-576)161091857  |4 edt 
935 |i Blocktest 
935 |h HEB  |i 0501 
935 |h HEB  |i 0503 
936 r v |a MR 2000  |b Allgemeine Werke und Lehrbücher  |k Soziologie  |k Sozialwissenschaftliche Theorien und Methoden  |k Methoden der Sozialforschung  |k Allgemeine Werke und Lehrbücher  |0 (DE-627)1271138913  |0 (DE-625)rvk/123487:  |0 (DE-576)201138913 
936 r v |a MR 2400  |b Beobachtung, Interview und Umfrage, Feldforschung (auch Meinungsforschung, Marktforschung)  |k Soziologie  |k Sozialwissenschaftliche Theorien und Methoden  |k Methoden der Sozialforschung  |k Beobachtung, Interview und Umfrage, Feldforschung (auch Meinungsforschung, Marktforschung)  |0 (DE-627)1270710907  |0 (DE-625)rvk/123491:  |0 (DE-576)200710907 
936 r v |a ZX 7039  |b Sonstiges  |k Sport  |k Sportwissenschaft  |k Theorie des Sports  |k Methoden der Sportwissenschaft (Statistik, Informationstechnologie, Testverfahren u.a.)  |k Sonstiges  |0 (DE-627)1399329359  |0 (DE-625)rvk/158440:14256  |0 (DE-576)329329359 
936 b k |a 70.03  |j Methoden, Techniken und Organisation der sozialwissenschaftlichen Forschung  |0 (DE-627)106414097 
936 s n |a m200  |2 mzub 
936 s n |a z300  |2 mzub 
951 |a BO 
ELC |b 1 
LOK |0 000 xxxxxcx a22 zn 4500 
LOK |0 001 3142223231 
LOK |0 003 DE-627 
LOK |0 004 023654902 
LOK |0 005 20180214114805 
LOK |0 008 930505||||||||||||||||ger||||||| 
LOK |0 040   |a DE-21-110  |c DE-627  |d DE-21-110 
LOK |0 689   |a s  |a Sozialforschung 
LOK |0 689   |a g  |a USA 
LOK |0 852   |a DE-21-110 
LOK |0 852 1  |c O II 190  |m p  |9 00 
LOK |0 935   |a k110 
LOK |0 936ln  |a 7.1 
LOK |0 938   |k p 
LOK |0 939   |a 05-05-93  |b l01 
ORI |a SA-MARC-krimdoka001.raw 
SIG |a IFK: O II 190